| 000 | 00374nam a2200157Ia 4500 | ||
|---|---|---|---|
| 008 | 230524s9999 xx 000 0 und d | ||
| 020 | _a8122411746 | ||
| 082 | _bXAV | ||
| 100 |
_aC.Xavier _92838 |
||
| 245 | 0 | _aC.Language and Numerical Method | |
| 260 |
_aCALCUTTA _bNewage _c1999 |
||
| 300 | _aXII;553 | ||
| 500 | _aQuantity Number: 1 | ||
| 650 | _aComp-Sc | ||
| 942 | _cBK | ||
| 999 |
_c4832 _d4832 |
||